000 01126nam a2200289 4500
001 0000014483
003 CO-CtgCURN
005 20250429224008.0
007 ta
008 160627s1992 000 0 eng d
020 _a9589506003
040 _aCO-CtgCURN
_bspa
_ccoctgcurn
082 0 _a371.9
_bW31p
100 1 _aWeber, Maja.
245 1 0 _aPedagogia especial y medicina :
_bmanual para educadores /
_cMaja Weber , Aurelio Tobon Uribe.
260 _aBogotá :
_bGrupo Colombo Suizo de Pedagogia Especial,
_c1992.
300 _a236 p.
336 _2rdacontent
337 _2rdamedia
_asin mediacion
_bn
338 _2rdacarrier
_avolumen
_bnc
505 8 _aPedagogia especial.--Retardo mental.--Trastornos fisicomotores.--Epilepsia.--Trastornos de la conducta.--Trastornos en el desarrollo sensorial.--Trastornos en el desarrollo intelectual.--Educación temprana.--Colegio especial
650 1 4 _aPsicopedagogia
_vEnsayos, conferencias, etc.
700 1 _aTobon Uribe, Aurelio.
908 _a160627
942 _cBK
_h371.9
_iW31p
_2ddc
999 _c34671
_d34671